Inmigración internacional en Chile: un tema en desarrollo
Saved in:
| Hovedforfatter: | |
|---|---|
| Format: | Bog |
| Sprog: | spansk |
| Udgivet: |
Viña del Mar
Diehgo Impresores
2014
|
| Udgivelse: | 1a. ed |
| Fag: | |
| Tags: |
Tilføj Tag
Ingen Tags, Vær først til at tagge denne postø!
|
MARC
| LEADER | 00000cam a2200000 a 4500 | ||
|---|---|---|---|
| 001 | UCE5049 | ||
| 003 | CL-VaPUC | ||
| 005 | 20231205172812.0 | ||
| 008 | 141127e20140900cl 1 spa d | ||
| 082 | 0 | 4 | |a 983.255 |b EST |2 21 |
| 100 | |a Estrada Turra, Baldomero |e autor |9 870293 | ||
| 245 | 1 | 0 | |a Inmigración internacional en Chile: un tema en desarrollo |
| 250 | |a 1a. ed | ||
| 260 | |a Viña del Mar |b Diehgo Impresores |c 2014 | ||
| 300 | |a 234 p | ||
| 583 | |a last modification |c 20190909 10:40:34 |k Rodrigo Vera | ||
| 650 | 0 | 7 | |a MIGRACION E INMIGRACION |2 CL-VaPUC |9 586080 |
| 650 | 0 | 0 | |a Historia de Chile |9 265473 |
| 650 | 0 | 7 | |a PERUANOS |2 CL-VaPUC |9 622091 |
| 650 | 0 | 0 | |a Alemanes en Chile |9 465585 |
| 650 | 0 | 7 | |a FRANCESES EN CHILE |2 CL-VaPUC |9 577386 |
| 650 | 0 | 7 | |a ITALIANOS EN CHILE |2 CL-VaPUC |9 444935 |
| 942 | |c BK | ||
| 945 | |a arojas |d 20141127 16:34:00 | ||
| 546 | |a En Español | ||
| 536 | |a Centro de Estudios Judaicos. Universidad de Chile | ||
| 518 | |p Jornadas de Estudios Migratorios, 21, Santiago, Noviembre de 2013 | ||
| 999 | |c 384783 |d 384781 | ||
| 952 | |0 0 |1 0 |3 erb |4 0 |6 983_255000000000000_EST_2014 |7 0 |8 A |9 507742 |a BIBARQ |b BIBARQ |i 5127092 |o 983.255 EST 2014 |p 5127092 |r 2025-01-20 |w 2020-01-23 |y BK |z Catalogado en:20141127 |k ARQ | ||
| 952 | |0 0 |1 0 |3 erb |4 0 |6 983_255000000000000_EST_2014 |7 0 |8 A |9 507743 |a BIBARQ |b BIBARQ |i 5127106 |o 983.255 EST 2014 |p 5127106 |r 2025-01-20 |w 2020-01-23 |y BK |z Catalogado en:20141127 |k ARQ | ||
| 952 | |0 0 |1 0 |3 erb |4 0 |6 983_255000000000000_EST_2014 |7 0 |8 A |9 507744 |a BIBHIS |b BIBHIS |i 5127165 |l 1 |o 983.255 EST 2014 |p 5127165 |r 2025-01-20 |s 2023-03-02 |w 2020-01-23 |y BK |z Catalogado en:20141127 |k HIS | ||
| 952 | |0 0 |1 0 |3 erb |4 0 |6 983_255000000000000_EST_2014 |7 0 |8 A |9 507745 |a BIBHIS |b BIBHIS |i 5127173 |o 983.255 EST 2014 |p 5127173 |r 2025-01-20 |w 2020-01-23 |y BK |z Catalogado en:20141127 |k HIS | ||
| 952 | |0 0 |1 0 |3 erb |4 0 |6 983_255000000000000_EST_2014 |7 0 |8 A |9 507746 |a BIBHIS |b BIBHIS |i 5127181 |l 1 |o 983.255 EST 2014 |p 5127181 |r 2025-01-20 |s 2022-07-19 |w 2020-01-23 |y BK |z Catalogado en:20141127 |k HIS | ||
| 952 | |0 0 |1 0 |3 erb |4 0 |6 983_255000000000000_EST_2014 |7 0 |8 A |9 507747 |a BIBHIS |b BIBHIS |i 5143985 |o 983.255 EST 2014 |p 5143985 |r 2025-01-20 |w 2020-01-23 |y BK |z Catalogado en:20150402 |k HIS | ||
| 952 | |0 0 |1 0 |3 erb |4 0 |6 983_255000000000000_EST_2014 |7 0 |8 X |9 507748 |a FDOBUD |b FDOBUD |i 530315K |o 983.255 EST 2014 |p 530315K |r 2020-01-23 |w 2020-01-23 |y BK_X |z Catalogado en:20160505 |k FHP | ||
| 952 | |0 0 |1 0 |3 erb |4 0 |6 983_255000000000000_EST_2014 |7 0 |8 A |9 507749 |a BIBGIM |b BIBGIM |i 543484K |o 983.255 EST 2014 |p 543484K |r 2025-01-15 |w 2020-01-23 |y BK |z Catalogado en:20171111 |k SSL | ||
| 952 | |0 0 |1 0 |3 erb |4 0 |6 983_255000000000000_EST_2014 |7 0 |8 A |9 507750 |a BIBGIM |b BIBGIM |i 5434831 |o 983.255 EST 2014 |p 5434831 |r 2025-01-15 |w 2020-01-23 |y BK |z Catalogado en:20171111 |k SSL | ||